Girija: a journey through thumri (Record no. 26524)

MARC details
000 -LEADER
fixed length control field 00399nam a2200157Ia 4500
005 - DATE AND TIME OF LATEST TRANSACTION
control field 20250929103225.0
008 - FIXED-LENGTH DATA ELEMENTS--GENERAL INFORMATION
fixed length control field 231207s9999 xx 000 0 und d
020 ## - INTERNATIONAL STANDARD BOOK NUMBER
International Standard Book Number 8129108577
040 ## - CATALOGING SOURCE
Transcribing agency PK-LaNCA
082 ## - DEWEY DECIMAL CLASSIFICATION NUMBER
Classification number MUS 780.92
Item number MIS
100 ## - MAIN ENTRY--PERSONAL NAME
Author Name Mishra, Yatindra
245 #0 - TITLE STATEMENT
Title Girija: a journey through thumri
260 ## - PUBLICATION, DISTRIBUTION, ETC.
Name of publisher, distributor, etc. Rupa and Co.
Place of publication, distribution, etc. New Delhi
Date of publication, distribution, etc. 2006
300 ## - PHYSICAL DESCRIPTION
Pages 115p.; ills
942 ## - ADDED ENTRY ELEMENTS (KOHA)
Koha item type Musicology
999 ## -
-- 26524
-- 26524
Holdings
Withdrawn status Weedout from Library Permanent Location Current Location Shelving location Date acquired Full call number Barcode Price effective from Koha item type
    NATIONAL COLLEGE OF ARTS, LAHORE - LIBRARY NATIONAL COLLEGE OF ARTS, LAHORE - LIBRARY Musicology Section Basement of Library 08/12/2023 MUS 780.92 MIS 30945 30945 08/12/2023 Musicology